000 00308nam a2200133Ia 4500
005 20251222154424.0
008 251222s9999||||xx |||||||||||||| ||spa||
020 _a848889323X
082 _a808.51/S84
100 _aStuder, Jürg
245 0 _aOratoria:
264 _bEDITORIAL EL DRAC, S.L.
942 _cLIB
999 _c36153
_d36153